000 00757nam a22002055i 4500
001 170153
003 ES-MaACL
005 20240128062949.0
008 090206s1891 fr |||| | fre d
080 _a782.1
100 1 _aFlaubert, Gustave,
_d1821-1880
_951134
245 1 0 _aSalammbô
_b: opéra en cinq actes, sept tableaux /
_cd'après le roman de Gustave Flaubert ; paroles de Camille du Locle ; musique de Ernest Reyer.
260 _aParis :
_bCalmann Lévy,
_c1891.
300 _a68 p. ;
_c18 cm.
650 1 4 _aÓperas-
_vLibretos.
_9137584
700 1 _aLocle, Camille du.
_9137929
700 1 _aReyer, Ernest.
_9137928
852 _aES-MaACL
_j2246-F-15
_9R.140929
_z.- Biblioteca Jacinto Martínez Lacalle
999 _c170153
_d170153